| 000 | 00452nam a2200157 i 4500 | ||
|---|---|---|---|
| 001 | 32439 | ||
| 003 | ES-MaACL | ||
| 005 | 20230906154556.0 | ||
| 007 | t| | ||
| 008 | 030131s1968 sp ||||1| spa d | ||
| 100 | 1 |
_aBenito Ruano, Eloy. _927689 |
|
| 245 | 1 | 3 |
_aLa fundación del Colegio de San Gregorio de Oviedo / _cEloy Benito Ruano. |
| 260 |
_aOviedo : _bUniversidad, _c1968. |
||
| 300 |
_a11 h. ; _c24 cm. |
||
| 852 |
_aES-MaACL _j2094-F-28 _bR.91136 |
||
| 999 |
_c32439 _d32439 |
||